000 02105cgm a2200433Ka 4500
005 20231226124249.0
007 vd cvaizq
008 140121s2014 xxu092 j vaeng d
024 1 _a625828626555
028 4 2 _aPAE-62655
_bPhase 4 Films
040 _aTEFMT
_cTEFMT
_dTEF
_e
041 1 _aeng
_aspa
_heng
092 _aEDVD
245 0 0 _aRuby Gloom : Happiest girl in the world
246 3 0 _aHappiest girl in the world.
250 _aValentine edition.
260 _a[Canada] :
_bPhase 4 Films,
_c2014.
264 _a[Canada] :
_bPhase 4 Films,
_c2014
300 _a1 videodisc (92 min.) :
_bsd., col. ;
_c4 3/4 in.
500 _aTitle form sell sheet.
511 1 _aCamilla Scott, Michael Cera.
520 _aIn a Victorian mansion on the outskirts of Gloomsville lives Ruby Gloom. Some kids might be afraid of the dark, the eccentric neighbours and the unknown things that dwell in the closet, but Ruby is different - she befriends these strange and sometimes scary creatures. In fact, Ruby finds them all delightful. She pays no attention to their unusual appearances, perceptive only to their hearts and souls. As Ruby likes to point out "Always look on the bright side - unless of course the dark side is your bright side and that's okay too!" Ruby's perfect day is a gloomy one, full of creativity and adventure with her offbeat circle of friends.
521 _aRating: Not rated.
538 _aDVD, 4x3 full screen, 2.0 stereo.
546 _aCan be viewed dubbed in Spanish.
650 0 _aFriendship
_vJuvenile films.
_95675516
655 7 _aAnimated television programs.
_2lcgft.
_95887132
655 7 _aChildren's films.
_2lcgft.
_95887133
655 7 _aAnimated television programs.
_2gsafd.
_95887132
700 1 _aRidley, Merle Anne.
_95887134
700 1 _aStreet, Rita.
_95887135
700 1 _aBudd, Robin.
_95840276
700 1 _aGadon, Sarah,
_d1987-
_95887136
700 1 _aHampshire, Emily,
_d1981-
_95760523
710 2 _aPhase 4 Films (Firm)
_95692885
730 0 _aRuby Gloom (Television program)
_95887137
942 _cDVD
_2ddc
948 _a03/11/2014
_zSirsi
999 _c283217
_d283217